| 000 | 00000nam##2200000za#4500 |
| 001 | 9.699123 |
| 003 | CaOODSP |
| 005 | 20210625000235 |
| 007 | cr ||||||||||| |
| 008 | 150407|2000||||xxc|||||o f|0| 0 eng|d |
| 040 | |aCaOODSP|beng |
| 043 | |an-cn--- |
| 086 | 1 |aEn14-179/2000E-PDF |
| 110 | 1 |aCanada.|bEnvironment Canada. |bAir Pollution Prevention Directorate. |
| 245 | 10|aAdditives in Canadian fuels, 1999 / |h[electronic resource]|cby Mark Tushingham, Melanie Nadeau, and Christine Hodge. |
| 260 | |aOttawa - Ontario : |bEnvironment Canada. |cMarch 2000. |
| 300 | |a29p.|btables |
| 590 | |a14-21-Supp|b2014-12-11 |
| 690 | 07|aFuels|2gcpds |
| 775 | 08|tAdditifs dans les combustibles canadiens, 1999 / |w(CaOODSP)9.643202 |
| 856 | 40|ahttp://publications.gc.ca|qPDF|s95 KB|uhttps://publications.gc.ca/collections/collection_2014/ec/En14-179-2000-eng.pdf |